000 00452nam a2200181Ia 4500
001 7791
005 20260306160521.0
008 260306t2012||||xx |||||||||||||| ||spa||
041 _aESP
082 _a362.119854
_bS21
100 _aSanz Palomino, Bernardino Augusto
_eAUT
245 0 _aCentenario Hospital Goyeneche 1912-2012
260 _c2012
300 _a121 páginas :
_c21 cm.
650 _aGEN
654 _aCPS
942 _cLIB
_dJUS
_fJUS
_2ddc
_n
999 _c7791
_d7791